<?xml version="1.0" encoding="UTF-8"?>
<record
    xmlns:xsi="http://www.w3.org/2001/XMLSchema-instance"
    xsi:schemaLocation="http://www.loc.gov/MARC21/slim http://www.loc.gov/standards/marcxml/schema/MARC21slim.xsd"
    xmlns="http://www.loc.gov/MARC21/slim">

  <leader>00729cam a2200265 i 4500</leader>
  <controlfield tag="001">vtls001453437</controlfield>
  <controlfield tag="003">VRT</controlfield>
  <controlfield tag="005">20260410144056.0</controlfield>
  <controlfield tag="008">130418s2013    ch            000 1 chi d</controlfield>
  <datafield tag="020" ind1=" " ind2=" ">
    <subfield code="a">9789573329831 (&#x5E73;&#x88DD;) :</subfield>
    <subfield code="c">NT$250</subfield>
  </datafield>
  <datafield tag="040" ind1=" " ind2=" ">
    <subfield code="a">TKU</subfield>
    <subfield code="b">chi</subfield>
    <subfield code="c">TKU</subfield>
  </datafield>
  <datafield tag="041" ind1="1" ind2=" ">
    <subfield code="a">chi</subfield>
    <subfield code="h">jpn</subfield>
  </datafield>
  <datafield tag="042" ind1=" " ind2=" ">
    <subfield code="a">nbic</subfield>
  </datafield>
  <datafield tag="082" ind1=" " ind2=" ">
    <subfield code="a">861.57</subfield>
  </datafield>
  <datafield tag="090" ind1=" " ind2=" ">
    <subfield code="a">861.57</subfield>
  </datafield>
  <datafield tag="100" ind1="1" ind2=" ">
    <subfield code="a">&#x6771;&#x91CE;&#x572D;&#x543E;,</subfield>
    <subfield code="d">1958-,</subfield>
    <subfield code="e">&#x8457;</subfield>
  </datafield>
  <datafield tag="245" ind1="1" ind2="0">
    <subfield code="a">&#x5047;&#x9762;&#x5C71;&#x838A;&#x6BBA;&#x4EBA;&#x4E8B;&#x4EF6; /</subfield>
    <subfield code="c">&#x6771;&#x91CE;&#x572D;&#x543E;&#x8457; ; &#x738B;&#x860A;&#x6F54;&#x8B6F;</subfield>
  </datafield>
  <datafield tag="250" ind1=" " ind2=" ">
    <subfield code="a">&#x521D;&#x7248;</subfield>
  </datafield>
  <datafield tag="260" ind1=" " ind2=" ">
    <subfield code="a">&#x81FA;&#x5317;&#x5E02; :</subfield>
    <subfield code="b">&#x7687;&#x51A0;&#x6587;&#x5316;&#x51FA;&#x7248;&#x516C;&#x53F8;,</subfield>
    <subfield code="c">2013.05</subfield>
  </datafield>
  <datafield tag="300" ind1=" " ind2=" ">
    <subfield code="a">251&#x9762; ;</subfield>
    <subfield code="c">21&#x516C;&#x5206;</subfield>
  </datafield>
  <datafield tag="700" ind1="1" ind2=" ">
    <subfield code="a">&#x738B;&#x860A;&#x6F54;,</subfield>
    <subfield code="e">&#x8B6F;</subfield>
  </datafield>
  <datafield tag="830" ind1=" " ind2="0">
    <subfield code="a">&#x6771;&#x91CE;&#x572D;&#x543E;&#x4F5C;&#x54C1;&#x96C6; ;</subfield>
    <subfield code="v">16.</subfield>
  </datafield>
  <datafield tag="830" ind1=" " ind2="0">
    <subfield code="a">&#x7687;&#x51A0;&#x53E2;&#x66F8; ;</subfield>
    <subfield code="v">4302.</subfield>
  </datafield>
  <datafield tag="942" ind1=" " ind2=" ">
    <subfield code="2">ccl</subfield>
    <subfield code="c">BOOK</subfield>
  </datafield>
  <datafield tag="999" ind1=" " ind2=" ">
    <subfield code="c">7707</subfield>
    <subfield code="d">7707</subfield>
  </datafield>
  <datafield tag="952" ind1=" " ind2=" ">
    <subfield code="0">0</subfield>
    <subfield code="1">0</subfield>
    <subfield code="2">ccl</subfield>
    <subfield code="4">0</subfield>
    <subfield code="7">0</subfield>
    <subfield code="a">yeezen</subfield>
    <subfield code="b">yeezen</subfield>
    <subfield code="c">YEEZEN</subfield>
    <subfield code="d">2026-04-10</subfield>
    <subfield code="l">0</subfield>
    <subfield code="o">861.57</subfield>
    <subfield code="p">C03290</subfield>
    <subfield code="r">2026-04-10 00:00:00</subfield>
    <subfield code="w">2026-04-10</subfield>
    <subfield code="y">BOOK</subfield>
    <subfield code="z">&#x611B;&#x4E00;&#x500B;&#x4EBA;&#x7684;&#x6975;&#x81F4;&#x662F;&#x4EC0;&#x9EBC;&#xFF1F;&#x70BA;&#x4E86;&#x4ED6;&#xFF0C;&#x4F60;&#x53EF;&#x4EE5;&#x6234;&#x4E0A;&#x591A;&#x5C11;&#x5047;&#x9762;&#xFF1F; &#x6068;&#x4E00;&#x500B;&#x4EBA;&#x7684;&#x610F;&#x5FD7;&#x662F;&#x4EC0;&#x9EBC;&#xFF1F;&#x53EA;&#x9760;&#x300C;&#x6BBA;&#x610F;&#x300D;&#xFF0C;&#x771F;&#x7684;&#x5C31;&#x53EF;&#x4EE5;&#x6BBA;&#x4EBA;&#x55CE;&#xFF1F;  &#x5169;&#x500B;&#x9003;&#x4EA1;&#x4E2D;&#x7684;&#x9280;&#x884C;&#x6436;&#x532A;&#x95D6;&#x5165;&#x4E86;&#x6DF1;&#x5C71;&#x88E1;&#x7684;&#x5225;&#x5885;&#xFF0C;&#x516B;&#x540D;&#x7537;&#x5973;&#x88AB;&#x8FEB;&#x6210;&#x70BA;&#x4EBA;&#x8CEA;&#x3002;&#x4ED6;&#x5011;&#x805A;&#x96C6;&#x5728;&#x9019;&#x88E1;&#xFF0C;&#x539F;&#x672C;&#x662F;&#x70BA;&#x4E86;&#x5728;&#x5A5A;&#x79AE;&#x524D;&#x5915;&#x610F;&#x5916;&#x8EAB;&#x4EA1;&#x7684;&#x65B0;&#x5A18;&#x670B;&#x7F8E;&#xFF0C;&#x516B;&#x500B;&#x4EBA;&#x4E2D;&#x6709;&#x670B;&#x7F8E;&#x7684;&#x672A;&#x5A5A;&#x592B;&#x3001;&#x7236;&#x6BCD;&#x3001;&#x8868;&#x59B9;&#x4EE5;&#x53CA;&#x597D;&#x53CB;&#x3002;  &#x5728;&#x9019;&#x5EA7;&#x5B8C;&#x5168;&#x8207;&#x5916;&#x754C;&#x65B7;&#x7D55;&#x806F;&#x7D61;&#x7684;&#x5C71;&#x838A;&#x88E1;&#xFF0C;&#x4ED6;&#x5011;&#x8A66;&#x5716;&#x9003;&#x812B;&#xFF0C;&#x537B;&#x56E0;&#x70BA;&#x6709;&#x5167;&#x9B3C;&#x7834;&#x58DE;&#x8A08;&#x756B;&#xFF0C;&#x6700;&#x5F8C;&#x90FD;&#x544A;&#x5931;&#x6557;&#x3002;&#x800C;&#x5728;&#x4E00;&#x7247;&#x6050;&#x61FC;&#x548C;&#x7DCA;&#x5F35;&#x4E2D;&#xFF0C;&#x6709;&#x4EBA;&#x6158;&#x906D;&#x6BBA;&#x5BB3;&#xFF0C;&#x4F46;&#x6839;&#x64DA;&#x73FE;&#x5834;&#x72C0;&#x6CC1;&#x7814;&#x5224;&#xFF0C;&#x537B;&#x4E26;&#x975E;&#x5169;&#x540D;&#x6436;&#x532A;&#x6240;&#x70BA;&#x3002;&#x7A76;&#x7ADF;&#x8AB0;&#x662F;&#x5167;&#x9B3C;&#xFF1F;&#x8AB0;&#x662F;&#x5147;&#x624B;&#xFF1F;&#x670B;&#x7F8E;&#x53C8;&#x771F;&#x7684;&#x662F;&#x55AE;&#x7D14;&#x7684;&#x610F;&#x5916;&#x6B7B;&#x4EA1;&#x55CE;&#xFF1F;&#x5269;&#x4E0B;&#x7684;&#x4E03;&#x500B;&#x4EBA;&#x7591;&#x795E;&#x7591;&#x9B3C;&#xFF0C;&#x5F7C;&#x6B64;&#x731C;&#x5FCC;&#xFF0C;&#x4E92;&#x76F8;&#x727D;&#x5236;&#xFF0C;&#x4ED6;&#x5011;&#x5C31;&#x50CF;&#x88AB;&#x56F0;&#x5728;&#x86DB;&#x7DB2;&#x4E0A;&#x7684;&#x7375;&#x7269;&#xFF0C;&#x53EA;&#x80FD;&#x7B49;&#x5F85;&#x771F;&#x76F8;&#x7528;&#x6700;&#x6FC0;&#x70C8;&#x7684;&#x624B;&#x6BB5;&#x53CD;&#x566C;&#x2026;&#x2026;</subfield>
  </datafield>
</record>
